Catálogo público

Practical applications of remote sensing in forestry (Record no. 72)

MARC details
000 -CABECERA
campo de control de longitud fija 01105cam a22003377a 4500
003 - IDENTIFICADOR DEL NÚMERO DE CONTROL
campo de control CHAP
005 - FECHA Y HORA DE LA ÚLTIMA TRANSACCIÓN
campo de control 20220329132910.0
008 - DATOS DE LONGITUD FIJA--INFORMACIÓN GENERAL
campo de control de longitud fija 971010s1986 r 00010 d
010 ## - NÚMERO DE CONTROL DE LA BIBLIOTECA DEL CONGRESO
Número de control de LC 72
011 ## - ENLACE DEL NUMERO DE CONTROL DE LA BIBLIOTECA DEL CONGRESO [OBSOLETO]
Número de control de LC 1044
035 ## - NÚMERO DE CONTROL DEL SISTEMA
Número de control de sistema 219
040 ## - FUENTE DE LA CATALOGACIÓN
Centro/agencia transcriptor CHAP
082 ## - NÚMERO DE LA CLASIFICACIÓN DECIMAL DEWEY
Número de clasificación 634.9285
Número de documento/Ítem S6
100 00 - ENTRADA PRINCIPAL--NOMBRE DE PERSONA
Nombre de persona Sohlberg, Sune.
9 (RLIN) 108283
245 #0 - MENCIÓN DE TÍTULO
Título Practical applications of remote sensing in forestry
260 ## - PUBLICACIÓN, DISTRIBUCIÓN, ETC.
Lugar de publicación, distribución, etc. Dordrecht :
Nombre del editor, distribuidor, etc. Martinus Nijhott,
Fecha de publicación, distribución, etc. 1986
300 ## - DESCRIPCIÓN FÍSICA
Extensión 234 p. ilus.
Otras características físicas ; mapas
490 #0 - MENCIÓN DE SERIE
Mención de serie Forestry science
590 ## - NOTA LOCAL (RLIN)
Nota local BATCH-UPD
Procedencia (VM) [OBSOLETO] 10
Condición del los carretes individuales (VM) [OBSOLETO] 20130110
-- UCH01
-- 1742
590 ## - NOTA LOCAL (RLIN)
Nota local CONVERSION
Procedencia (VM) [OBSOLETO] 10
Condición del los carretes individuales (VM) [OBSOLETO] 20130109
-- UCH01
-- 1302
650 14 - PUNTO DE ACCESO ADICIONAL DE MATERIA--TÉRMINO DE MATERIA
Término de materia o nombre geográfico como elemento de entrada Bosques
Subdivisión general Inventarios.
9 (RLIN) 14240
650 14 - PUNTO DE ACCESO ADICIONAL DE MATERIA--TÉRMINO DE MATERIA
Término de materia o nombre geográfico como elemento de entrada Bosques
Subdivisión general Mapas.
9 (RLIN) 14335
650 14 - PUNTO DE ACCESO ADICIONAL DE MATERIA--TÉRMINO DE MATERIA
Término de materia o nombre geográfico como elemento de entrada Sensores remotos.
9 (RLIN) 104427
650 14 - PUNTO DE ACCESO ADICIONAL DE MATERIA--TÉRMINO DE MATERIA
Término de materia o nombre geográfico como elemento de entrada Suelos
Subdivisión general Mapas.
9 (RLIN) 110427
700 0# - PUNTO DE ACCESO ADICIONAL--NOMBRE DE PERSONA
Nombre de persona Sokolov, Viatcheslav E.
9 (RLIN) 108319
711 0# - PUNTO DE ACCESO ADICIONAL--NOMBRE DE REUNIÓN/CONGRESO
Nombre de congreso/reunión o jurisdicción como elemento de entrada Seminar on the Practical Application of Remote Sensing in Forestry (1985 : Jonkoping, Sweden)
9 (RLIN) 103970
830 0# - PUNTO DE ACCESO ADICIONAL DE SERIE-TÍTULO UNIFORME
Título uniforme Forestry science
9 (RLIN) 42378
901 ## - ELEMENTOS DE DATOS A LOCAL LDA (RLIN)
a BK
942 ## - ELEMENTOS DE PUNTO DE ACCESO ADICIONAL (KOHA)
Tipo de ítem Koha Libro
949 ## - PROCESAMIENTO DE INFORMACIÓN LOCAL (OCLC)
a 634.9285 S6
b BC
c LIBRO
d 33724000247813
e LIBRO
g I.146831
h 75794
i 219
s i
t 311.60
Holdings
Estado de retiro Estado de pérdida Fuente del sistema de clasificación o colocación Estado dañado Restricciones de uso No para préstamo Código de colección Localización permanente Ubicación/localización actual Ubicación en estantería Fecha de adquisición Fuente de adquisición Información codificada de la localización en otra ubicación Total de préstamos Signatura topográfica completa Código de barras Fecha visto por última vez Precio válido a partir de Tipo de ítem Koha
    Dewey Decimal Classification   Préstamo 15 días   General Biblioteca Central Biblioteca Central Planta principal - Colección General 31/12/2019 I.146831 LIBRO   634.9285 S6 33724000247813 31/12/2019 31/12/2019 Libro